| 000 | 00549nam a2200181 a 4500 | ||
|---|---|---|---|
| 005 | 20140412111309.0 | ||
| 008 | 010404s19uu xx 00 eng d | ||
| 020 | _a1-57471-140-7 | ||
| 050 |
_aTR(PS E _bHo81 1996 |
||
| 100 | _aFries, Marcia | ||
| 245 |
_aHouses / _cwritten by Marcia Fries; illustrated by Adjoa J. Burrowes. |
||
| 260 |
_aCypress, CA : _bCreative Teaching Press, _c1996. |
||
| 300 | _a16 p. ; ill. | ||
| 440 | _aRead to Learn-Learn to Read | ||
| 500 | _aEmergent Reader Level II | ||
| 650 | _aSocial studies | ||
| 999 |
_c103883 _d103883 |
||